000 00611nam a2200193Ii 4500
003 JO-AjNU
008 230605s9999||||xx |||||||||||||| ||und||
040 _aJO-AjNU
_bara
_erda
_cJO-AjNU
041 _aara
050 1 4 _aTS155.T3398 2010
100 3 _aطاحون ، زكريا,
_eauthor
_934012
245 0 0 _aادارة الانتاج والعمليات بالجودة الشاملة
264 3 1 _aد.م:د.ن،2010
300 _a270ص
336 _atext
_btxt
_2rdacontent
337 _aunmediated
_bn
_2rdamedia
338 _avolume
_bnc
_2rdacarrier
650 4 _aالانتاج والعمليات
_934013
999 _aA13901
_c17469
_d17469